000 00306nam a2200109Ia 4500
008 200302s9999 xx 000 0 und d
100 _aJodie Davis ( Edi)
245 _aThrough The Lens : International Architectural Photographers
260 _bImages Publishing, Austraila
260 _c2002
300 _a224 P
999 _c4941
_d4941